000 01226nam a2200313 i 4500
001 000002473
003 DO-SdBNP
005 20251104125642.0
007 ta
008 090702s2007 dr a 000 0 spa d
040 _aDO-SdBNP
_bspa
_cBNPHU
_erda
082 4 _a338.187293
_bH626h
_222
100 1 _aHichez T., Julio César,
_d1954-
_97793
_eautor
245 1 0 _aHistoria de la caña :
_bel azúcar y el Central Boca Chica con sus bateyes /
_cJulio César Hichez T.
264 _aSanto Domingo :
_bSoto Castillo,
_c2007.
300 _a123 páginas :
_bilustraciones ;
_c22 cm.
336 _2rdacontent
_atexto
_btxt
337 _2rdamedia
_asin mediación
_bn
338 _2rdacarrier
_avolumen
_bnc
500 _aIncluye datos biográficos del autor en la solapa de la cubierta
504 _aBibliografía : p. 122-123.
590 _aLa biblioteca posee un ejemplar autografiado por el autor.
590 _aInventariado,2018/DG
610 2 _aCentral de Boca Chica (República Dominicana)
_xHistoria
_97794
650 4 _aCaña de azúcar
_xCultivo
_zBoca Chica (República Dominicana)
_97795
650 4 _aDesarrollo rural
_xAspectos económicos
_922047
651 4 _aRepública Dominicana
_xHistoria
_9170
942 _2ddc
_cLBS1
999 _c2309
_d2309